000 00747nam a22002177a 4500
007 00
008 160617b xxu||||| |||| 00| 0 eng d
020 _a2-7462-1396-6
040 _aBUAC
_cBUC
041 _aFre.
100 _aTabbane, Sami
245 _aPratique de l'ingénierie des réseaux cellulaires :
_bdu CSM/GPRS à L'UMTS
_c/ par Sami Tabbane, Mohamed Tahar Missaoui
260 _aParis :
_bLavoisier,
_c2006
300 _a260 p. ;
_c23 cm.
440 _a(Collection Réseaux et Télécoms / dir. par Guy Pujolle)
521 _aAnnexe. Tables d' Erlang B. pp. (251 -257) Index : pp. (259 -260)
630 _aSCIENCES APPLIQUEES
650 _2Télécommunication : technique
700 _aMissaoui, Mohamed Tahar
942 _cLBA
999 _c54624
_d54624